Journey into light : (Record no. 131609)

MARC details
000 -LEADER
fixed length control field 00744nam a22002297a 4500
005 - DATE AND TIME OF LATEST TRANSACTION
control field 20170124110131.0
010 ## - LIBRARY OF CONGRESS CONTROL NUMBER
LC control number A-724182
020 ## - INTERNATIONAL STANDARD BOOK NUMBER
Terms of availability 00.00
International Standard Book Number 818532400X
035 ## - SYSTEM CONTROL NUMBER
System control number A-724182
037 ## - SOURCE OF ACQUISITION
Source of stock number/acquisition Cen Lib/Ret
040 ## - CATALOGING SOURCE
Original cataloging agency DPL
Language of cataloging EN
082 ## - DEWEY DECIMAL CLASSIFICATION NUMBER
Classification number 921
Item number VEN
100 ## - MAIN ENTRY--PERSONAL NAME
Personal name Venkataraman, G.
9 (RLIN) 19378
245 ## - TITLE STATEMENT
Title Journey into light :
Statement of responsibility, etc by G.Venkataraman
Remainder of title life and science of C.V. Raman /
260 ## - PUBLICATION, DISTRIBUTION, ETC. (IMPRINT)
Place of publication, distribution, etc Bangalore
Name of publisher, distributor, etc Indian Academy of Sciences
Date of publication, distribution, etc 1988
270 ## - ADDRESS
Address P.B.No.8005, Sadashivnagar
City Bangalore
Postal code 560 080
300 ## - PHYSICAL DESCRIPTION
Extent xviii,570p. :
Dimensions 23cm(Hb)
Other physical details ill.
500 ## - GENERAL NOTE
General note Includes index
650 ## - SUBJECT ADDED ENTRY--TOPICAL TERM
Topical term or geographic name as entry element Physicists
9 (RLIN) 32259
650 ## - SUBJECT ADDED ENTRY--TOPICAL TERM
Topical term or geographic name as entry element Raman, C. V. -- (Chandrasekhara Venkata), -- 1888-1970
9 (RLIN) 32260
942 ## - ADDED ENTRY ELEMENTS (KOHA)
Source of classification or shelving scheme Dewey Decimal Classification
Koha item type English Books
Classification part 921
Call number suffix VEN
Holdings
Withdrawn status Lost status Damaged status Not for loan Home library Current library Date acquired Source of acquisition Cost, normal purchase price Total Checkouts Full call number Barcode Date last seen Copy number Cost, replacement price Price effective from Koha item type
        Central Library Central Library 15/07/2015 Cen Lib/Ret 0.00   921 VEN A-724182 15/07/2015 1 0.00 15/07/2015 English Books

© Delhi Public Library
Hit Counter
free hit counter